000 00252nam a2200121Ia 4500
100 _aBhola/ Bhola
942 _cBK
654 _aCalculus
245 _aIntegral Calculus II
260 _bCampus Publications
_c2001
300 _a432
546 _aENGLISH
999 _c31218
_d31218